000 00204 a2200097 4500
001 10572
100 _aCollins, A S
245 _aTreasury of english prose.
260 _a
_bU T P
_c
090 _c8184
_d8184
942 _aNUST-CAE
_cM
_c34916
999 _c245645
_d245645